000 00466nam a2200157Ia 4500
003 IN-BaIIA
008 211028s9999 xx 000 0 eng d
040 _cIIA Library
080 _a621.389.04
_bPHI
110 _aPhilips Gloeilanapenfabrieken
_96234
245 0 _aPhillps application and data handbook
_cPhilips Gloeilanapenfabrieken
260 _aNetherland
_bTechnical Publications Department
_c1968
300 _a60p.
650 _aElectronics
_91576
942 _cBK
999 _c3520
_d3520